| 000 | 00637nam a2200193 i 4500 | ||
|---|---|---|---|
| 001 | 145513 | ||
| 003 | ES-MaACL | ||
| 005 | 20250804054033.0 | ||
| 007 | t| | ||
| 008 | 071015s1969 sp ||||1| spa d | ||
| 100 | 1 |
_aVenegas, Alejo. _9113886 |
|
| 245 | 1 | 0 |
_aAgonía del tránsito de la muerte, con los avisos y consuelos que acerca de ella son provechosos / _cAlejo Venegas ; edición preparada por Rafael Fiol. |
| 260 |
_aMadrid : _bRialp, _c1969. |
||
| 300 |
_a164 p. ; _c15 cm. |
||
| 650 | 1 | 7 |
_aVida cristiana _2embne _917790 |
| 700 | 1 |
_aFiol, Rafael. _950935 |
|
| 852 |
_aES-MaACL _jC-36729 _bR.69443 |
||
| 999 |
_c145513 _d145513 |
||